书目信息 |
| 题名: |
初级英语快速阅读
|
|
| 作者: | 汪士彬 主编 | |
| 分册: | ||
| 出版信息: | 天津 南开大学出版社 2011.01 |
|
| 页数: | 234页 | |
| 开本: | 23cm | |
| 丛书名: | 汪氏英语 | |
| 单 册: | ||
| 中图分类: | H319.4 | |
| 科图分类: | ||
| 主题词: | 英语--ying yu--阅读教学--教学参考资料 | |
| 电子资源: | ||
| ISBN: | 978-7-310-03606-6 | |
| 000 | 00959nam 2200301 450 | |
| 001 | B20110017877 | |
| 005 | 20110714133920.14 | |
| 010 | @a978-7-310-03606-6@dCNY26.00 | |
| 100 | @a20110308d2011 em y0chiy50 ea | |
| 101 | 0 | @achi@aeng |
| 102 | @aCN@b120000 | |
| 105 | @aa z 000yy | |
| 106 | @ar | |
| 200 | 1 | @a初级英语快速阅读@Achu ji ying yu kuai su yue du@d= Easier fast reading for english@f主编汪士彬@zeng |
| 205 | @a第2版 | |
| 210 | @a天津@c南开大学出版社@d2011.01 | |
| 215 | @a234页@c图@d23cm | |
| 225 | 2 | @a汪氏英语@Awang shi ying yu@i快速阅读系列 |
| 330 | @a本书收录的文章新颖,内容涉及文化、科技、经贸、教育、体育、生活等多个领域。 | |
| 333 | @a英语学习人员 | |
| 410 | 0 | @12001 @a汪氏英语 |
| 510 | 1 | @aEasier fast reading for english@zeng |
| 586 | @a | |
| 606 | 0 | @a英语@Aying yu@x阅读教学@j教学参考资料 |
| 690 | @aH319.4@v5 | |
| 701 | 0 | @a汪士彬@Awang shi bin@4主编 |
| 801 | 0 | @aCN@c20110610 |
| 905 | @dH319.4@eW0704@f3 | |
| 初级英语快速阅读= Easier fast reading for english/主编汪士彬.-第2版.-天津:南开大学出版社,2011.01 |
| 234页:图;23cm.-(汪氏英语.快速阅读系列) |
| 使用对象:英语学习人员 |
| ISBN 978-7-310-03606-6:CNY26.00 |
| 本书收录的文章新颖,内容涉及文化、科技、经贸、教育、体育、生活等多个领域。 |
| ● |
| 相关链接 |
|
|
|
正题名:初级英语快速阅读
索取号:H319.4/W0704
 
预约/预借
| 序号 | 登录号 | 条形码 | 馆藏地/架位号 | 状态 | 备注 |
| 1 | 883416 | 208834163 | 语言库209/209语言库 19排1列5层/ [索取号:H319.4/W0704] | 在馆 | |
| 2 | 883417 | 208834172 | 语言库209/209语言库 19排1列5层/ [索取号:H319.4/W0704] | 在馆 | |
| 3 | 883418 | 208834181 | 社科二线400B/ [索取号:H319.4/W0704] | 在馆 |